[Event "BL 1112 Hansa Dortmund - Werder Bremen"]
[Site "Dortmund"]
[Date "2011.11.19"]
[Round "4.8"]
[White "Ackermann, Hans Werner"]
[Black "Babula, Vlastimil"]
[Result "0-1"]
[WhiteElo "2296"]
[BlackElo "2572"]
[PlyCount "60"]
[EventDate "2011.10.14"]

1. e4 c5 2. Nf3 e6 3. d3 Nc6 4. g3 g6 5. Bg2 Bg7 6. O-O Nge7 7. c3 d5 8. Qe2
O-O 9. Rd1 e5 10. h3 h6 11. c4 d4 12. Nbd2 Be6 13. Nf1 Qd7 14. g4 f5 15. exf5
gxf5 16. N3h2 Rf7 17. Ng3 Raf8 18. f3 Re8 19. Nh5 Ng6 20. Qd2 Nf4 21. Nxf4 exf4
22. a3 Ne5 23. Qc2 fxg4 24. hxg4 Qe7 25. Bd2 Qg5 26. Kh1 h5 27. Rg1 hxg4 28.
fxg4 Nxg4 29. Be1 Nxh2 30. Bh3 Ng4 0-1

[Event "BL 1112 SV Wattenscheid - Turm Emsdette"]
[Site "Dortmund"]
[Date "2011.11.19"]
[Round "4.1"]
[White "Spoelman, Wouter"]
[Black "Macieja, Bartlomiej"]
[Result "0-1"]
[WhiteElo "2563"]
[BlackElo "2613"]
[PlyCount "74"]
[EventDate "2011.10.14"]

1. d4 Nf6 2. c4 e6 3. Nc3 Bb4 4. f3 Nc6 5. e4 O-O 6. Be3 d5 7. e5 Nd7 8. cxd5
exd5 9. a3 Bxc3+ 10. bxc3 f6 11. f4 fxe5 12. dxe5 Nb6 13. Bd3 Nc4 14. Bc1 Qh4+
15. g3 Qe7 16. Ra2 N6xe5 17. fxe5 Nxe5 18. Ne2 Bg4 19. h3 Nf3+ 20. Kf1 Ne5+ 21.
Ke1 Nf3+ 22. Kf1 Ne5+ 23. Ke1 Bf3 24. Rf1 Bg2 25. Rxf8+ Rxf8 26. Bf4 g5 27. Kf2
Bxh3 28. Bb1 c6 29. Qh1 Bg4 30. Kg1 gxf4 31. gxf4 Ng6 32. Qg2 Qe3+ 33. Kh2 Bxe2
34. f5 Qf4+ 35. Qg3 Qxg3+ 36. Kxg3 Bc4 37. Rg2 Ne7 0-1

[Event "BL 1112 SV Wattenscheid - Turm Emsdette"]
[Site "Dortmund"]
[Date "2011.11.19"]
[Round "4.2"]
[White "Bartel, Mateusz"]
[Black "Ipatov, Alexander"]
[Result "1/2-1/2"]
[WhiteElo "2627"]
[BlackElo "2591"]
[PlyCount "103"]
[EventDate "2011.10.14"]

1. e4 e5 2. Nc3 Nf6 3. g3 d5 4. exd5 Nxd5 5. Bg2 Ne7 6. Nge2 g6 7. h4 Nbc6 8.
h5 gxh5 9. d3 Ng6 10. Nd5 Bg4 11. c3 Bg7 12. Qb3 Rb8 13. Ne3 Be6 14. Bd5 Bxd5
15. Qxd5 Qxd5 16. Nxd5 O-O 17. Bg5 f6 18. Be3 Rfd8 19. Nxc7 Rxd3 20. Ne6 h4 21.
gxh4 Kf7 22. Nc5 Rdd8 23. Ng3 Nge7 24. Nce4 h6 25. Nh5 Bh8 26. Bc5 b6 27. Bd6
Rb7 28. O-O-O Rbd7 29. Nhg3 Ke6 30. Ba3 Rxd1+ 31. Rxd1 Rxd1+ 32. Kxd1 f5 33.
Nd6 e4 34. Nc4 b5 35. Nd6 a6 36. Nb7 Kd5 37. Na5 Nxa5 38. Bxe7 Nc4 39. b3 Nb2+
40. Kd2 Ke6 41. Bf8 Bf6 42. Bxh6 Bxh4 43. Ne2 Bxf2 44. Nf4+ Ke5 45. Kc2 Nd3 46.
Nxd3+ exd3+ 47. Kxd3 Bc5 48. c4 f4 49. cxb5 axb5 50. a4 bxa4 51. Bxf4+ Kxf4 52.
bxa4 1/2-1/2

[Event "BL 1112 SV Wattenscheid - Turm Emsdette"]
[Site "Dortmund"]
[Date "2011.11.19"]
[Round "4.3"]
[White "Swiercz, Dariusz"]
[Black "Bogner, Sebastian"]
[Result "1/2-1/2"]
[WhiteElo "2585"]
[BlackElo "2534"]
[PlyCount "65"]
[EventDate "2011.10.14"]

1. e4 c5 2. Nf3 d6 3. d4 cxd4 4. Nxd4 Nf6 5. Nc3 a6 6. Bc4 e6 7. Bb3 Nbd7 8.
Bg5 Qa5 9. Qd2 Be7 10. O-O-O Nc5 11. Rhe1 O-O 12. Kb1 Qc7 13. f4 h6 14. Bxf6
Bxf6 15. f5 Bd7 16. fxe6 fxe6 17. Nf3 Be7 18. Qe3 Rac8 19. Ne2 a5 20. Ned4 Nxb3
21. Qxb3 a4 22. Qd3 e5 23. Ne2 Qc5 24. Nc3 a3 25. Nd5 Bd8 26. b3 Rf7 27. Rc1 b5
28. c3 Bc6 29. Red1 Bb7 30. Qe2 Kh8 31. Rc2 Kg8 32. Rcc1 Kh8 33. Rc2 1/2-1/2

[Event "BL 1112 SV Wattenscheid - Turm Emsdette"]
[Site "Dortmund"]
[Date "2011.11.19"]
[Round "4.4"]
[White "Rustemov, Alexander"]
[Black "Grandelius, Nils"]
[Result "1/2-1/2"]
[WhiteElo "2537"]
[BlackElo "2536"]
[PlyCount "99"]
[EventDate "2011.10.14"]

1. d4 Nf6 2. Nf3 d5 3. c4 e6 4. Nc3 Bb4 5. Bg5 h6 6. Bxf6 Qxf6 7. e3 O-O 8. Rc1
dxc4 9. Bxc4 c5 10. O-O cxd4 11. exd4 Rd8 12. Ne4 Qe7 13. Qe2 Nc6 14. Rfd1 Ba5
15. Bb5 Bd7 16. Ne5 Bb6 17. Bxc6 Bxc6 18. Rxc6 bxc6 19. Nxc6 Qc7 20. Nxd8 Rxd8
21. Nc5 Bxc5 22. dxc5 Rxd1+ 23. Qxd1 Qxc5 24. g3 e5 25. a3 e4 26. Qd2 Qc4 27.
Kg2 a6 28. Qe3 Qd5 29. b4 Qc4 30. h4 f5 31. h5 Qf7 32. a4 Qxh5 33. b5 axb5 34.
axb5 Qd1 35. b6 Qd5 36. Kh2 Kh7 37. Qc1 Qb5 38. Qe3 Qd5 39. Kg1 Qd1+ 40. Kg2
Qd5 41. Kh2 Kh8 42. Qf4 Kh7 43. Qe3 Kh8 44. Qc1 Kh7 45. Qc8 f4 46. gxf4 Qd4 47.
Qf5+ Kh8 48. Qc8+ Kh7 49. Qf5+ Kh8 50. Qc8+ 1/2-1/2

[Event "BL 1112 SV Wattenscheid - Turm Emsdette"]
[Site "Dortmund"]
[Date "2011.11.19"]
[Round "4.5"]
[White "Hector, Jonny"]
[Black "Appel, Ralf"]
[Result "1-0"]
[WhiteElo "2575"]
[BlackElo "2529"]
[PlyCount "111"]
[EventDate "2011.10.14"]

1. e4 Nf6 2. e5 Nd5 3. d4 d6 4. c4 Nb6 5. f4 dxe5 6. fxe5 Nc6 7. Be3 Bf5 8. Nc3
e6 9. Nf3 Be7 10. d5 Nb4 11. Rc1 exd5 12. a3 c5 13. axb4 d4 14. Bxd4 cxd4 15.
Nxd4 Qb8 16. Qe2 Be6 17. Nxe6 fxe6 18. c5 Nd7 19. Qe4 O-O 20. Bc4 Nxe5 21.
Bxe6+ Kh8 22. Nd5 Re8 23. O-O Bg5 24. Rce1 Rxe6 25. Qf5 Nf3+ 26. Qxf3 Rxe1 27.
Rxe1 Qg8 28. b5 Re8 29. Rxe8 Qxe8 30. g3 h6 31. h4 Bd2 32. Qd3 Bb4 33. Qc4 Ba5
34. Kg2 Qe5 35. b4 Bd8 36. Nf4 Qb2+ 37. Kh3 Qb1 38. Qd5 Bc7 39. Kg4 Qxb4 40. c6
bxc6 41. bxc6 a5 42. Qd7 Qd6 43. Qe8+ Kh7 44. Kh3 Bb8 45. h5 Bc7 46. Qg6+ Qxg6
47. hxg6+ Kg8 48. Ne6 Bd6 49. c7 Bxc7 50. Nxc7 a4 51. Nb5 Kf8 52. Kg4 Ke7 53.
Kf5 Kd7 54. g4 Ke7 55. Ke5 Kd7 56. Na3 1-0

[Event "BL 1112 SV Wattenscheid - Turm Emsdette"]
[Site "Dortmund"]
[Date "2011.11.19"]
[Round "4.6"]
[White "Holzke, Frank Dr"]
[Black "Pruijssers, Roeland"]
[Result "1/2-1/2"]
[WhiteElo "2506"]
[BlackElo "2475"]
[PlyCount "96"]
[EventDate "2011.10.14"]

1. e4 e5 2. Nf3 Nc6 3. Bc4 Bc5 4. O-O d6 5. c3 Bg4 6. b4 Bb6 7. a4 a6 8. d3 Qf6
9. Be3 Bxf3 10. Qxf3 Qxf3 11. gxf3 Nge7 12. Na3 Ng6 13. Bd5 Bxe3 14. fxe3 Nge7
15. Bb3 Rf8 16. Nc4 f5 17. b5 axb5 18. axb5 Rxa1 19. Rxa1 Nd8 20. d4 exd4 21.
cxd4 Kd7 22. e5 d5 23. Nb2 Ne6 24. Ra4 f4 25. e4 Ng5 26. Nd3 b6 27. exd5 Nxf3+
28. Kf2 Nd2 29. d6 Nxb3 30. dxe7 Kxe7 31. d5 Rd8 32. Nxf4 g5 33. d6+ cxd6 34.
Ra7+ Rd7 35. Nd5+ Ke6 36. Rxd7 Kxd7 37. Nxb6+ Ke6 38. exd6 Kxd6 39. Nc4+ Kd5
40. b6 Nc5 41. Nd2 Kc6 42. Kf3 h5 43. Ne4 Nxe4 44. Kxe4 Kxb6 45. Kf5 g4 46. Kg5
Kc7 47. Kxh5 Kd7 48. Kxg4 Ke7 1/2-1/2

[Event "BL 1112 SV Wattenscheid - Turm Emsdette"]
[Site "Dortmund"]
[Date "2011.11.19"]
[Round "4.8"]
[White "Straeter, Timo"]
[Black "Kleijn, Christov"]
[Result "1-0"]
[WhiteElo "2327"]
[BlackElo "2429"]
[PlyCount "91"]
[EventDate "2011.10.14"]

1. d4 d5 2. c4 c6 3. Nf3 Nf6 4. e3 Bf5 5. Bd3 Bxd3 6. Qxd3 e6 7. O-O Be7 8. Nc3
O-O 9. e4 dxe4 10. Nxe4 Nbd7 11. Bd2 Qc7 12. Rad1 Rad8 13. Bc3 Rfe8 14. Rfe1
Qb6 15. b3 Nxe4 16. Qxe4 Bb4 17. Bxb4 Qxb4 18. g3 a5 19. Qc2 Nf6 20. Kg2 Re7
21. Re2 Qb6 22. Red2 h6 23. Ne5 Qc7 24. c5 Nd7 25. Nc4 Ra8 26. Re1 b5 27. cxb6
Nxb6 28. Nxb6 Qxb6 29. Re5 Rd7 30. Rc5 Rd6 31. Qc4 Rad8 32. Qc3 Ra8 33. Rc2 Ra6
34. h4 a4 35. b4 Qd8 36. b5 Rb6 37. Rxc6 Rb8 38. Rc8 Rxc8 39. Qxc8 Rxd4 40. b6
Kh7 41. b7 Qd5+ 42. Kh2 Rd1 43. f3 Qe5 44. b8=Q Qe1 45. Qg8+ Kg6 46. h5+ 1-0

[Event "BL 1112 SG Solingen - OSG Baden-Baden"]
[Site "Solingen"]
[Date "2011.11.19"]
[Round "4.1"]
[White "Adams, Michael"]
[Black "Ragger, Markus"]
[Result "1/2-1/2"]
[WhiteElo "2733"]
[BlackElo "2655"]
[PlyCount "107"]
[EventDate "2011.10.14"]

1. e4 c6 2. d4 d5 3. e5 Bf5 4. Nf3 e6 5. Be2 c5 6. Be3 cxd4 7. Nxd4 Ne7 8. Na3
a6 9. c4 Nbc6 10. Qa4 Qa5+ 11. Qxa5 Nxa5 12. O-O dxc4 13. Nxc4 Nxc4 14. Bxc4
Be4 15. Rac1 Bd5 16. Be2 Rc8 17. Rxc8+ Nxc8 18. Rc1 Kd7 19. a3 Ne7 20. f4 Nc6
21. Nxc6 Bxc6 22. Kf2 Be7 23. Bc5 Bxc5+ 24. Rxc5 Rc8 25. g4 Bd5 26. Rxc8 Kxc8
27. b4 Kd7 28. Ke3 g6 29. Kd4 Bc6 30. g5 Kc7 31. h4 Kd7 32. h5 Ba4 33. h6 Kc7
34. Bc4 Bc2 35. Kc3 Bf5 36. a4 Kd7 37. Be2 Kc7 38. Kd4 Bc2 39. a5 Ba4 40. Kc5
Bc6 41. Bc4 Bd7 42. Bb3 Be8 43. Ba2 Bd7 44. Bc4 Be8 45. Be2 Bc6 46. Bd3 Be8 47.
Be4 Bc6 48. Bc2 Bd7 49. Bb3 Be8 50. Kd4 Bd7 51. Ba2 Kd8 52. Kc4 Kc8 53. Bb3 Kc7
54. Kc5 1/2-1/2

[Event "BL 1112 SG Solingen - OSG Baden-Baden"]
[Site "Solingen"]
[Date "2011.11.19"]
[Round "4.2"]
[White "Stellwagen, Daniel"]
[Black "Bacrot, Etienne"]
[Result "1/2-1/2"]
[WhiteElo "2625"]
[BlackElo "2705"]
[PlyCount "155"]
[EventDate "2011.10.14"]

1. d4 d5 2. c4 c6 3. Nf3 Nf6 4. Nc3 a6 5. e3 b5 6. b3 Bf5 7. Bd3 Bxd3 8. Qxd3
e6 9. O-O Nbd7 10. e4 b4 11. exd5 cxd5 12. cxd5 bxc3 13. dxe6 fxe6 14. Ng5 Be7
15. Nxe6 Nc5 16. Nxg7+ Kf7 17. Qe3 Qd5 18. dxc5 Rhg8 19. Qxc3 Rxg7 20. g3 Qxc5
21. Qxc5 Bxc5 22. Bb2 Rg5 23. Kg2 Rd8 24. Rad1 Rgd5 25. Rxd5 Rxd5 26. Bxf6 Kxf6
27. Rc1 a5 28. Rc2 Bb4 29. h3 Kf5 30. Rc7 h6 31. Rh7 Kg6 32. Ra7 Rd2 33. Ra6+
Kg7 34. a3 Bc5 35. Rxa5 Rxf2+ 36. Kh1 Rf1+ 37. Kg2 Rf2+ 38. Kh1 Bd6 39. Ra7+
Kf6 40. Ra6 Ke7 41. Ra7+ Kf6 42. Ra6 Rd2 43. b4 Ke5 44. Rc6 Rd3 45. Rc4 Kf5 46.
Rh4 Bxg3 47. Rxh6 Bf4 48. Rc6 Ke4 49. Kg2 Rxa3 50. Rc4+ Ke3 51. Rc2 Be5 52. Rf2
Ra8 53. Rf3+ Ke4 54. Rb3 Rg8+ 55. Kf1 Kd4 56. h4 Kc4 57. Rh3 Kxb4 58. h5 Kc5
59. h6 Kd6 60. Ke2 Ke6 61. Kf3 Kf7 62. Ke4 Ke6 63. h7 Rh8 64. Rh6+ Bf6 65. Kf4
Kf7 66. Kf5 Bg7 67. Rh1 Rb8 68. Rh5 Bh8 69. Kg5 Rb5+ 70. Kg4 Rb1 71. Kf5 Rf1+
72. Kg5 Kg7 73. Rh3 Rb1 74. Rh5 Kf7 75. Kf5 Rb4 76. Kg5 Bf6+ 77. Kf5 Rb8 78.
Rh6 1/2-1/2

[Event "BL 1112 SG Solingen - OSG Baden-Baden"]
[Site "Solingen"]
[Date "2011.11.19"]
[Round "4.3"]
[White "Naiditsch, Arkadij"]
[Black "L'Ami, Erwin"]
[Result "1-0"]
[WhiteElo "2707"]
[BlackElo "2592"]
[PlyCount "129"]
[EventDate "2011.10.14"]

1. e4 e5 2. Nf3 Nc6 3. Bb5 a6 4. Ba4 Nf6 5. d3 d6 6. c3 g6 7. Nbd2 Bg7 8. Nf1
O-O 9. Ng3 b5 10. Bc2 Bb7 11. O-O Nb8 12. d4 Nbd7 13. a4 c5 14. Qe2 exd4 15.
cxd4 Re8 16. Bg5 Qb6 17. Rfd1 cxd4 18. axb5 Nxe4 19. Bxe4 d5 20. Nxd4 Nc5 21.
Be3 Nxe4 22. bxa6 Bxa6 23. Qc2 Rec8 24. Qb1 Qb4 25. Nxe4 dxe4 26. Qxe4 Bb7 27.
Rxa8 Bxa8 28. Qg4 Rd8 29. Qe2 h5 30. h3 Kh7 31. Qd2 Qb7 32. f3 Rb8 33. Ra1 Qb4
34. Qxb4 Rxb4 35. Rxa8 Bxd4 36. Bxd4 Rxd4 37. Ra1 Rb4 38. Ra2 Rd4 39. Ra1 Rb4
40. Rb1 Kh6 41. b3 Kg5 42. Kf2 Kf4 43. Rb2 g5 44. Ke2 Ke5 45. Kd3 Kd5 46. Kc3
Rf4 47. Ra2 Kc6 48. Ra4 Rf5 49. Rc4+ Kb5 50. Kd3 f6 51. b4 Rd5+ 52. Rd4 Re5 53.
Re4 Rd5+ 54. Ke3 Rd1 55. Rd4 Rb1 56. Ke4 Rb2 57. g4 Rh2 58. Rd6 Rxh3 59. Rxf6
Kxb4 60. Rf5 hxg4 61. fxg4 Rg3 62. Rxg5 Rg1 63. Kf3 Kc4 64. Ra5 Kd4 65. g5 1-0

[Event "BL 1112 SG Solingen - OSG Baden-Baden"]
[Site "Solingen"]
[Date "2011.11.19"]
[Round "4.4"]
[White "Nikolic, Predrag"]
[Black "Movsesian, Sergej"]
[Result "1/2-1/2"]
[WhiteElo "2636"]
[BlackElo "2715"]
[PlyCount "71"]
[EventDate "2011.10.14"]

1. d4 d5 2. c4 c6 3. Nc3 Nf6 4. e3 a6 5. Qc2 g6 6. Nf3 Bg7 7. Bd3 O-O 8. O-O
Bg4 9. Nd2 dxc4 10. Bxc4 b5 11. Be2 b4 12. Nde4 Nxe4 13. Nxe4 Bxe2 14. Qxe2 Qd5
15. Qc2 Nd7 16. Bd2 a5 17. Rfc1 Rfc8 18. Nc5 Nxc5 19. Qxc5 e5 20. Qxd5 cxd5 21.
dxe5 Bxe5 22. Rxc8+ Rxc8 23. Rc1 Rxc1+ 24. Bxc1 f5 25. h3 Kf7 26. Kf1 d4 27.
Ke2 dxe3 28. Kxe3 Ke6 29. Kd3 Kd5 30. b3 h5 31. Bg5 Bc7 32. f3 Bb6 33. Bf6 Bc7
34. Ke3 Ke6 35. Bg7 Kd5 36. Bf6 1/2-1/2

[Event "BL 1112 SG Solingen - OSG Baden-Baden"]
[Site "Solingen"]
[Date "2011.11.19"]
[Round "4.5"]
[White "Nielsen, Peter-Heine"]
[Black "Jussupow, Artur"]
[Result "1/2-1/2"]
[WhiteElo "2687"]
[BlackElo "2566"]
[PlyCount "47"]
[EventDate "2011.10.14"]

1. d4 Nf6 2. c4 e6 3. Nf3 d5 4. g3 Bb4+ 5. Bd2 Be7 6. Bg2 O-O 7. O-O c6 8. Qc2
b6 9. Rd1 Bb7 10. b3 Na6 11. Nc3 c5 12. cxd5 Nb4 13. Qb2 exd5 14. Rac1 h6 15.
Bf4 Qd7 16. a3 Na6 17. e4 dxe4 18. dxc5 Qc8 19. Nd2 e3 20. Bxe3 Bxg2 21. Kxg2
Bxc5 22. Nf1 Qb7+ 23. Kg1 Rad8 24. b4 1/2-1/2

[Event "BL 1112 SG Solingen - OSG Baden-Baden"]
[Site "Solingen"]
[Date "2011.11.19"]
[Round "4.6"]
[White "Naumann, Alexander"]
[Black "Kasimdzhanov, Rustam"]
[Result "1/2-1/2"]
[WhiteElo "2546"]
[BlackElo "2678"]
[PlyCount "52"]
[EventDate "2011.10.14"]

1. d4 Nf6 2. c4 g6 3. g3 Bg7 4. Bg2 d5 5. cxd5 Nxd5 6. Nf3 Nb6 7. Nc3 Nc6 8. e3
O-O 9. O-O Re8 10. d5 Na5 11. Nd4 Bd7 12. b3 c6 13. dxc6 Nxc6 14. Nxc6 Bxc6 15.
Bxc6 bxc6 16. Bb2 Qc8 17. Qe2 Qe6 18. Rac1 a5 19. Rc2 a4 20. Nxa4 Nxa4 21. Bxg7
Kxg7 22. bxa4 Rxa4 23. Rfc1 Rea8 24. Rxc6 Qxa2 25. Qxa2 Rxa2 26. R6c2 Rxc2
1/2-1/2

[Event "BL 1112 SG Solingen - OSG Baden-Baden"]
[Site "Solingen"]
[Date "2011.11.19"]
[Round "4.7"]
[White "Nisipeanu, Liviu-Dieter"]
[Black "Wegerle, Joerg"]
[Result "1-0"]
[WhiteElo "2638"]
[BlackElo "2450"]
[PlyCount "81"]
[EventDate "2011.10.14"]

1. d4 d5 2. c4 dxc4 3. Nf3 a6 4. e3 b5 5. a4 Bb7 6. b3 e6 7. bxc4 bxc4 8. Bxc4
Nf6 9. O-O Nc6 10. a5 Bd6 11. Nbd2 Nb4 12. Ba3 O-O 13. Bxb4 Bxb4 14. Qb3 Qd6
15. Rfb1 Bxd2 16. Nxd2 Ne4 17. Qc2 Nxd2 18. Rxb7 Qc6 19. Rb4 Ne4 20. Bd3 Qxc2
21. Bxc2 Nd6 22. Bd3 Ra7 23. g4 Rfa8 24. Rc1 Kf8 25. f4 Ke7 26. Be2 h6 27. h4
f6 28. h5 Kd7 29. Bf3 Rg8 30. Kf2 Rf8 31. Ke2 Rd8 32. Bc6+ Ke7 33. Kd3 e5 34.
fxe5 fxe5 35. Rc5 exd4 36. Re5+ Kf6 37. exd4 g6 38. Rb1 gxh5 39. Rf1+ Kg7 40.
Re7+ Kg6 41. gxh5+ 1-0

[Event "BL 1112 SG Solingen - OSG Baden-Baden"]
[Site "Solingen"]
[Date "2011.11.19"]
[Round "4.8"]
[White "Schaefer, Markus"]
[Black "Schlosser, Philipp"]
[Result "1-0"]
[WhiteElo "2399"]
[BlackElo "2591"]
[PlyCount "89"]
[EventDate "2011.10.14"]

1. e4 c5 2. Nf3 Nc6 3. d4 cxd4 4. Nxd4 Qb6 5. Nb3 Nf6 6. Bd3 d5 7. exd5 Nxd5 8.
O-O g6 9. c4 Ndb4 10. Be4 Bg7 11. Nc3 O-O 12. Be3 Qc7 13. f4 Rd8 14. Qe2 Na5
15. Nxa5 Qxa5 16. a3 Nc6 17. b4 Qh5 18. Qxh5 gxh5 19. Rac1 f5 20. Bb1 Kf7 21.
Rf2 Be6 22. Nd5 Rac8 23. Ba2 h4 24. Rd1 h3 25. Rfd2 hxg2 26. b5 Na5 27. c5 Rd7
28. Kxg2 b6 29. cxb6 axb6 30. Nxb6 Rxd2+ 31. Rxd2 Rc3 32. Bxe6+ Kxe6 33. Re2
Kf7 34. Nd5 Rxa3 35. Bc5 Rb3 36. Rxe7+ Kg6 37. Bb4 Nc4 38. b6 Nxb6 39. Re6+ Kh5
40. Rxb6 Rb2+ 41. Kf3 Bd4 42. Bc5 Rf2+ 43. Kg3 Bxc5 44. Nf6+ Kg6 45. Rc6 1-0

[Event "BL 1112 SC Remagen - SG Turm Trier"]
[Site "Solingen"]
[Date "2011.11.19"]
[Round "4.1"]
[White "Lupulescu, Constantin"]
[Black "Gharamian, Tigran"]
[Result "1-0"]
[WhiteElo "2655"]
[BlackElo "2676"]
[PlyCount "59"]
[EventDate "2011.10.14"]

1. d4 Nf6 2. c4 g6 3. Nc3 Bg7 4. e4 d6 5. Nf3 O-O 6. h3 a6 7. Be3 Nbd7 8. g4 c5
9. Bg2 cxd4 10. Nxd4 Ne5 11. Qe2 Bd7 12. f4 Nc6 13. O-O-O Qc7 14. Kb1 Rfc8 15.
Nb3 b5 16. c5 Be6 17. Nd5 Bxd5 18. exd5 Na7 19. c6 b4 20. h4 Nb5 21. h5 Rcb8
22. hxg6 hxg6 23. f5 g5 24. Bxg5 a5 25. Bh6 a4 26. Bxg7 axb3 27. Qe3 Nc3+ 28.
bxc3 bxa2+ 29. Ka1 b3 30. Rh8+ 1-0

[Event "BL 1112 SC Remagen - SG Turm Trier"]
[Site "Solingen"]
[Date "2011.11.19"]
[Round "4.2"]
[White "Parligras, Mircea"]
[Black "Howell, David W L"]
[Result "1-0"]
[WhiteElo "2625"]
[BlackElo "2633"]
[PlyCount "59"]
[EventDate "2011.10.14"]

1. d4 Nf6 2. c4 g6 3. Nc3 d5 4. cxd5 Nxd5 5. e4 Nxc3 6. bxc3 Bg7 7. Be3 c5 8.
Rc1 O-O 9. Qd2 Qa5 10. Nf3 Nd7 11. d5 f5 12. exf5 Rxf5 13. Bd3 Rxf3 14. gxf3
Ne5 15. Be4 Bf5 16. c4 Qa3 17. Ke2 Bd7 18. d6 exd6 19. Qxd6 Qxa2+ 20. Rc2 Qb3
21. Rhc1 Bc6 22. Rd2 Rf8 23. Bxc6 Nxc6 24. Qxc5 a5 25. Qb5 a4 26. Rb1 Qc3 27.
Qd5+ Kh8 28. Rxb7 Qf6 29. Rb6 Rc8 30. Qd7 1-0

[Event "BL 1112 SC Remagen - SG Turm Trier"]
[Site "Solingen"]
[Date "2011.11.19"]
[Round "4.3"]
[White "Bobras, Piotr"]
[Black "Dgebuadze, Alexandre"]
[Result "1-0"]
[WhiteElo "2544"]
[BlackElo "2544"]
[PlyCount "73"]
[EventDate "2011.10.14"]

1. e4 e6 2. d4 d5 3. Nc3 Bb4 4. e5 c5 5. a3 Bxc3+ 6. bxc3 Ne7 7. Qg4 O-O 8. Bd3
Nbc6 9. Bg5 Qa5 10. Ne2 Ng6 11. O-O c4 12. Bxg6 fxg6 13. a4 Rb8 14. h4 b5 15.
axb5 Qxb5 16. Bc1 Rb7 17. f3 Qb6 18. Qg5 Bd7 19. Kf2 Rf5 20. Qe3 h6 21. g4 Rf7
22. Kg3 Qd8 23. Ba3 a5 24. Nf4 g5 25. Ng2 gxh4+ 26. Nxh4 a4 27. Rh1 Be8 28.
Raf1 Na7 29. f4 Nb5 30. Bb4 a3 31. f5 exf5 32. gxf5 a2 33. f6 Qb8 34. Kf2 Bd7
35. Rfg1 Be6 36. Qxh6 a1=Q 37. Qh8+ 1-0

[Event "BL 1112 SC Remagen - SG Turm Trier"]
[Site "Solingen"]
[Date "2011.11.19"]
[Round "4.4"]
[White "Swinkels, Robin"]
[Black "Gonda, Laszlo"]
[Result "1/2-1/2"]
[WhiteElo "2494"]
[BlackElo "2520"]
[PlyCount "66"]
[EventDate "2011.10.14"]

1. c4 Nf6 2. g3 c6 3. Bg2 d5 4. Nf3 dxc4 5. O-O Na6 6. Na3 Qd5 7. Ne1 Qd4 8.
Qa4 Nd7 9. Nec2 Qg4 10. Nxc4 Qxe2 11. Re1 Qh5 12. b4 e6 13. Bb2 Nc7 14. Nd4 Nb6
15. Nxb6 axb6 16. Qc2 Bd7 17. Nf5 Nd5 18. b5 Nb4 19. Qe4 Qg6 20. a3 Nd5 21.
bxc6 bxc6 22. Qc2 Kd8 23. Nd4 Qxc2 24. Nxc2 f6 25. Nd4 e5 26. Nc2 Bd6 27. d4
Re8 28. dxe5 Bxe5 29. Nd4 Bxd4 30. Rxe8+ Bxe8 31. Bxd4 b5 32. Bc5 Bf7 33. Re1
Ra4 1/2-1/2

[Event "BL 1112 SC Remagen - SG Turm Trier"]
[Site "Solingen"]
[Date "2011.11.19"]
[Round "4.5"]
[White "Gordon, Stephen"]
[Black "Bok, Benjamin"]
[Result "1-0"]
[WhiteElo "2535"]
[BlackElo "2488"]
[PlyCount "55"]
[EventDate "2011.10.14"]

1. Nf3 Nf6 2. c4 g6 3. Nc3 d5 4. cxd5 Nxd5 5. Qb3 Nb6 6. d4 Bg7 7. e4 Bg4 8.
Bb5+ c6 9. Ng5 O-O 10. Be2 Bxe2 11. Nxe2 N8d7 12. Qh3 h6 13. Nf3 h5 14. e5 c5
15. e6 cxd4 16. exf7+ Rxf7 17. Ng5 Rf5 18. g4 Rxg5 19. Bxg5 Ne5 20. Nf4 Nbc4
21. gxh5 Qa5+ 22. Kf1 Nd2+ 23. Kg2 Nf7 24. Bxe7 g5 25. Qg4 Re8 26. Rhe1 Rxe7
27. Rxe7 Nh6 28. Qe6+ 1-0

[Event "BL 1112 SC Remagen - SG Turm Trier"]
[Site "Solingen"]
[Date "2011.11.19"]
[Round "4.6"]
[White "Michiels, Bart"]
[Black "Galyas, Miklos"]
[Result "1-0"]
[WhiteElo "2501"]
[BlackElo "2458"]
[PlyCount "87"]
[EventDate "2011.10.14"]

1. d4 e6 2. c4 Bb4+ 3. Nd2 c5 4. a3 Bxd2+ 5. Qxd2 cxd4 6. Qxd4 Nf6 7. b4 Nc6 8.
Qb2 d5 9. cxd5 Qxd5 10. Nf3 O-O 11. Bg5 Ne4 12. Rd1 Qf5 13. Be3 Rd8 14. Rxd8+
Nxd8 15. g4 Qb5 16. Bg2 Nc6 17. Nd4 Qd5 18. Nxc6 bxc6 19. O-O Ba6 20. Qc2 f5
21. Rd1 Qc4 22. Qxc4 Bxc4 23. Rd7 a5 24. Bd4 axb4 25. axb4 Ra2 26. Bxe4 fxe4
27. Rxg7+ Kf8 28. Rxh7 Bxe2 29. g5 Rd2 30. Bf6 Bf3 31. h4 e3 32. fxe3 Rg2+ 33.
Kf1 Be4 34. Rh8+ Kf7 35. h5 e5 36. Rh7+ Bxh7 37. Kxg2 Be4+ 38. Kg3 Ke6 39. Kg4
Bc2 40. Bg7 Bd1+ 41. Kh4 Bc2 42. g6 Kf5 43. Bxe5 Bd1 44. e4+ 1-0

[Event "BL 1112 SC Remagen - SG Turm Trier"]
[Site "Solingen"]
[Date "2011.11.19"]
[Round "4.7"]
[White "Seger, Ruediger"]
[Black "Teske, Henrik"]
[Result "1/2-1/2"]
[WhiteElo "2390"]
[BlackElo "2547"]
[PlyCount "82"]
[EventDate "2011.10.14"]

1. e4 c5 2. c3 d5 3. exd5 Nf6 4. d4 Nxd5 5. Nf3 e6 6. Bd3 cxd4 7. cxd4 Bb4+ 8.
Bd2 Bxd2+ 9. Qxd2 O-O 10. Nc3 Nc6 11. O-O Ncb4 12. Be2 b6 13. Ne5 Bb7 14. a3
Nxc3 15. bxc3 Nc6 16. Nxc6 Bxc6 17. c4 Qd7 18. Qb2 Rab8 19. Rab1 a6 20. Rfd1
Rfd8 21. Rd2 Qe7 22. d5 exd5 23. Bf3 Rd6 24. cxd5 Bd7 25. Re2 Qf6 26. Qxf6 Rxf6
27. Rc1 Kf8 28. Rec2 Ke8 29. Be4 g6 30. f3 Rd6 31. f4 b5 32. Kf2 b4 33. Rb2
Rdb6 34. axb4 Rxb4 35. Rxb4 Rxb4 36. Ke3 a5 37. Rc5 Rb5 38. Rxb5 Bxb5 39. Kd4
a4 40. Bb1 Kd7 41. Kc5 Bf1 1/2-1/2

[Event "BL 1112 SC Remagen - SG Turm Trier"]
[Site "Solingen"]
[Date "2011.11.19"]
[Round "4.8"]
[White "Seel, Christian"]
[Black "Cioara, Andrei Nestor"]
[Result "1/2-1/2"]
[WhiteElo "2481"]
[BlackElo "2436"]
[PlyCount "42"]
[EventDate "2011.10.14"]

1. Nf3 Nf6 2. c4 e6 3. Nc3 Bb4 4. g3 Bxc3 5. bxc3 d6 6. Bg2 e5 7. d3 Nc6 8. O-O
O-O 9. Rb1 Re8 10. Nd2 Qd7 11. h3 b6 12. Kh2 Bb7 13. e4 Rf8 14. Nf3 Ne7 15. Nh4
Ne8 16. g4 c6 17. Qe2 Nc7 18. f4 exf4 19. Bxf4 Ng6 20. Nxg6 hxg6 21. Bg3 Ne6
1/2-1/2

[Event "BL 1112 SK König Tegel - Hamburger SK"]
[Site "Berlin"]
[Date "2011.11.19"]
[Round "4.1"]
[White "Wojtaszek, Radoslav"]
[Black "Rabiega, Robert"]
[Result "1-0"]
[WhiteElo "2704"]
[BlackElo "2501"]
[PlyCount "59"]
[EventDate "2011.10.14"]

1. d4 d5 2. c4 Nc6 3. cxd5 Qxd5 4. e3 e5 5. Nc3 Bb4 6. a3 Bxc3+ 7. bxc3 Nf6 8.
c4 Qd6 9. d5 Nb8 10. Ne2 Ne4 11. f3 Nc5 12. Nc3 O-O 13. Be2 a6 14. O-O Nbd7 15.
e4 f5 16. exf5 Rxf5 17. Be3 b6 18. a4 Rf8 19. a5 Nf6 20. Qb1 Rb8 21. Qb4 Rd8
22. Bxc5 Qxc5+ 23. Qxc5 bxc5 24. Na4 Nd7 25. Rab1 Rxb1 26. Rxb1 Kf8 27. Bd3 g6
28. Kf2 Ke7 29. g4 Rf8 30. Ke3 1-0

[Event "BL 1112 SK König Tegel - Hamburger SK"]
[Site "Berlin"]
[Date "2011.11.19"]
[Round "4.2"]
[White "Stern, Rene"]
[Black "Ghaem Maghami, Ehsan"]
[Result "0-1"]
[WhiteElo "2506"]
[BlackElo "2583"]
[PlyCount "61"]
[EventDate "2011.10.14"]

1. d4 Nf6 2. c4 e6 3. Nc3 Bb4 4. Bg5 c5 5. d5 b5 6. dxe6 fxe6 7. cxb5 d5 8. a3
Ba5 9. e3 O-O 10. Bd3 Nbd7 11. Nge2 Bc7 12. Bh4 Bb7 13. Bg3 e5 14. O-O Qe7 15.
Rc1 Rad8 16. Qa4 c4 17. Bb1 Nc5 18. Qc2 Nb3 19. Rce1 Qf7 20. Nc1 d4 21. exd4
exd4 22. Bxc7 d3 23. Nxd3 Rxd3 24. Bg3 Nd2 25. Ba2 Rfd8 26. Rd1 Kh8 27. Rfe1
Nh5 28. Re2 Nf3+ 29. Kf1 Nxg3+ 30. hxg3 Qh5 31. Re4 0-1

[Event "BL 1112 SK König Tegel - Hamburger SK"]
[Site "Berlin"]
[Date "2011.11.19"]
[Round "4.3"]
[White "Hansen, Sune Berg"]
[Black "Richter, Michael"]
[Result "1-0"]
[WhiteElo "2566"]
[BlackElo "2484"]
[PlyCount "41"]
[EventDate "2011.10.14"]

1. e4 e6 2. d4 d5 3. Nd2 Nf6 4. e5 Nfd7 5. c3 c5 6. Bd3 Nc6 7. Ngf3 a5 8. O-O
Be7 9. a4 Qb6 10. dxc5 Bxc5 11. Qe2 f6 12. exf6 Nxf6 13. Bc2 O-O 14. Nb3 e5 15.
Qb5 Nd7 16. Nxc5 Qxc5 17. Bb3 Rxf3 18. gxf3 Qf8 19. Qxd5+ Kh8 20. Qf7 Qxf7 21.
Bxf7 1-0